Handbook of frozen foods

Na minha lista:
Detalhes bibliográficos
Main Authors: Hui, Y. H (Author), Cornillon, Paul (Author), Guerrero Legaretta, Isabel (Author), Lim, Miang H (Author), Murrell, K. D (Author), Nip, Wai-Kit (Author)
Formato: Livro
Idioma:inglês
Publicado em: Nueva York Marcel Dekker 2004
Assuntos:
Tags: Adicionar Tag
Sem tags, seja o primeiro a adicionar uma tag!

MARC

LEADER 00000nam a2200000 a 4500
001 UCK2780
003 CL-VaPUC
008 050318e20040000US |||||||||||||||||eng|d
020 |a 0824747127 
082 0 4 |a 664.0285  |b HUI  |2 21 
100 |a Hui, Y. H  |e author  |9 531826 
700 0 |a Cornillon, Paul  |e author  |9 490766 
700 0 |a Guerrero Legaretta, Isabel  |e author  |9 490767 
700 0 |a Lim, Miang H  |e author  |9 490768 
700 0 |a Murrell, K. D  |e author  |9 490769 
700 0 |a Nip, Wai-Kit  |e author  |9 490770 
245 1 0 |a Handbook of frozen foods 
300 |a 735 p 
942 |c BK 
945 |d 20050318 00:00:00  |a cmena 
260 |a Nueva York  |b Marcel Dekker  |c 2004 
650 0 |a Alimentos congelados  |9 259336 
650 7 |a TECNOLOGIA DE ALIMENTOS  |2 CL-VaPUC  |9 490771 
650 0 |a Industria alimentaria  |9 331702 
650 0 |a Procesamiento de alimentos   |9 264607 
650 7 |a EQUIPO Y ACCESORIOS  |2 CL-VaPUC  |9 490772 
583 |a last modification  |c 20050318 00:00:00  |k Rodrigo Vera 
999 |c 312236  |d 312234 
952 |0 0  |1 0  |4 0  |6 664_028500000000000_HUI_2004  |7 0  |8 A  |9 382212  |a BIBALI  |b BIBALI  |c RES  |d 2019-11-21  |i 4100581  |l 3  |o 664.0285 HUI 2004  |p 4100581  |r 2025-01-20  |s 2021-12-16  |w 2019-11-21  |y BK_R  |k ALI 
952 |0 0  |1 0  |4 0  |6 664_028500000000000_HUI_2004  |7 0  |8 A  |9 382213  |a BIBALI  |b BIBALI  |c RES  |d 2019-11-21  |i 4307712  |l 3  |o 664.0285 HUI 2004  |p 4307712  |r 2025-01-20  |s 2024-04-08  |w 2019-11-21  |y BK_R  |k ALI